Logos de marques par lettre - T - Statistiques

Statistiques générales
  • Ce quiz a été pris 27 231 fois
  • Le résultat moyen est 11 sur 16
Statistiques - réponses
Par images Hint Réponse % Correct
Réseau social TikTok
99%
Automobile Tesla
98%
Automobile Toyota
98%
Alimentaire Twix
97%
Hydrocarbure Total
90%
Sportswear The North Face
87%
Voyage TripAdvisor
81%
Alimentaire Toblerone
74%
Mode Tommy Hilfiger
72%
Alimentaire Tipiak
68%
Mode Timberland
66%
Calculatrice Texas Instruments
47%
Horlogerie TAG Heuer
35%
Joaillerie Tiffany & Co.
34%
Télécommunication T-Mobile
33%
Compagnie aérienne Turkish Airlines
33%
Aucun quiz correspondant
Distribution des résultats
% des personnes avec chaque résultat
Percentile par nombre de réponses
Votre historique - résultats
Vous n’avez pas pris ce quiz